| 000 | 01264cam a2200349 i 4500 | ||
|---|---|---|---|
| 001 | 15553773 | ||
| 003 | EG-ScBUE | ||
| 005 | 20240917100523.0 | ||
| 008 | 081212s2009 enka f b 001 0 eng d | ||
| 020 | _a9780199539871 (hbk.) | ||
| 020 | _a0199539871 (hbk.) | ||
| 020 | _a019953988X (pbk.) | ||
| 020 | _a9780199539888 (pbk.) | ||
| 035 | _a(OCoLC)ocn209815851 | ||
| 040 |
_aUKM _beng _erda _cUKM _dBTCTA _dBAKER _dYDXCP _dBWKUK _dBWK _dDLC _dEG-ScBUE |
||
| 082 | 0 | 4 |
_a510.76 _222 _bZAW |
| 100 | 1 |
_aZawaira, Alexander, _eauthor. |
|
| 245 | 1 | 2 |
_aA Primer for mathematics competitions / _cAlexander Zawaira and Gavin Hitchcock. |
| 264 | 1 |
_aOxford ; _aNew York : _bOxford University Press, _c2009. |
|
| 300 |
_axvii, 344 pages : _billustrations ; _c24 cm. |
||
| 336 |
_2rdacontent _atext _btxt |
||
| 337 |
_aunmediated _2rdamedia _bn |
||
| 338 |
_avolume _bnc _2rdacarrier |
||
| 490 | 0 | _aOxford mathematics | |
| 504 | _aIncludes bibliographical references and index. | ||
| 650 | 7 |
_aMathematics _xCompetitions. _2BUEsh |
|
| 650 | 7 |
_aMathematics _vProblems, exercises, etc. _2BUEsh |
|
| 655 | _vReading book | ||
| 700 | 1 |
_aHitchcock, Gavin, _eauthor. |
|
| 942 |
_2ddc _cBB |
||
| 999 |
_c10944 _d10944 |
||